| 000 | 00811nam a2200217 a 4500 | ||
|---|---|---|---|
| 999 |
_c5962 _d5962 |
||
| 001 | 5962 | ||
| 003 | BD-JhCC | ||
| 005 | 20180205123716.0 | ||
| 008 | 171218s1994 bg ||||| |||| 00| 0 ben d | ||
| 035 | _a(BD-JhCC)5962 | ||
| 040 |
_aBD-JhCC _dBD-JhCC |
||
| 041 | _aben | ||
| 082 |
_a891.4409 _bRAS 1994 |
||
| 100 | _aরশিদ, মোহাম্মদ হারুন উর | ||
| 245 |
_aউত্তরাধিকার : _bবাংলা একাডেমীর সৃজনশীল সাহিত্য-ত্রৈমাসিক / _cমোহাম্মদ হারুন উর রশিদ (সম্পা.) |
||
| 260 |
_aঢাকা : _bবাংলা একাডেমী, _c1994. |
||
| 300 |
_a110 p. : _c23 cm. |
||
| 650 | _aBengali Literature | ||
| 942 |
_2ddc _cBK |
||